Bundesliga Spieler Zu Verein - Statistiken

Allgemein
  • Dieses Quiz wurde 916 mal gespielt
    634 seit der letzten Aktualisierung
  • Das Durchschnittsergebnis liegt bei 16 aus 20
Antwortstatistiken
Spieler Verein % Korrekt
Thomas Müller FC Bayern München
100%
Florian Wirtz Bayer Leverkusen
98%
Joshua Kimmich FC Bayern München
98%
Mario Götze Eintracht Frankfurt
97%
Nico Schlotterbeck Borussia Dortmund
95%
Willi Orban RB Leipzig
94%
Vinzenzo Grifo SC Freiburg
93%
Xavi Simons RB Leipzig
90%
Marvin Ducksch SV Werder Bremen
89%
Chris Führich VfB Stuttgart
89%
Andrej Kramaric TSG 1899 Hoffenheim
88%
Michael Gregoritsch SC Freiburg
85%
Jonathan Burkardt FSV Mainz 05
82%
Jonas Omlin Borussia Mönchengladbach
77%
Jackson Irvine FC St. Pauli
72%
Mattias Svanberg VfL Wolfsburg
63%
Arne Maier FC Augsburg
62%
Josip Juranovic FC Union Berlin
60%
Danilho Doekhi FC Union Berlin
59%
Moritz Broschinski VfL Bochum
49%
Keine übereinstimmenden Quizze gefunden
Verteilung der Resultate
Anzahl Personen mit jedem Resultat
Perzentil nach korrekt beantworteten Fragen
Ihre Resultats-Entwicklung
Sie haben dieses Quiz seit der letzten Aktualisierung nicht gespielt